000
00335nam a22001457a 4500
008
210426b ||||| |||| 00| 0 eng d
020
_a
0201059746
041
_a
eng
080
_a
311
082
_a
311
100
_a
55
101
_a
STA
245
_a
Beginning Statistics with Data Analysis
_c
Frederick Mosteller
942
_2
udc
_c
BK
999
_c
56769
_d
56769